[Event "Budapest FS04 Elo"]
[Site "Budapest"]
[Date "1999.04.04"]
[Round "2"]
[White "Fliszar, Dezso"]
[Black "Dembo, Yelena"]
[Result "0-1"]
[WhiteElo "2013"]
[BlackElo "2180"]
[PlyCount "80"]
[EventDate "1999.04.??"]
[EventType "tourn"]
[EventRounds "11"]
[EventCountry "HUN"]
[SourceTitle "CBM 070 Extra"]
[Source "ChessBase"]
[SourceDate "1999.07.10"]
[SourceVersion "1"]
[SourceVersionDate "1999.07.10"]
[SourceQuality "1"]

1. Nf3 Nf6 2. c4 g6 3. b3 Bg7 4. Bb2 0-0 5. g3 d6 6. d4 Nbd7 7. Bg2 c5 8. d5 a6 9. 0-0 b5 10. Re1 bxc4 11. bxc4 Nb6 12. Nbd2 Bd7 13. Rb1 Na4 14. Ba1 Ne8 15. Bxg7 Nxg7 16. Qc2 Qc7 17. e4 Rab8 18. Rxb8 Rxb8 19. Nb3 f6 20. Nfd2 Rf8 21. f4 Nb6 22. Qc3 Na4 23. Qa1 e5 24. dxe6 Bxe6 25. Qc1 Nb6 26. Bf1 f5 27. Qc3 Re8 28. Qa5 Bc8 29. e5 dxe5 30. Nxc5 exf4 31. Rxe8+ Nxe8 32. Nxa6 Bxa6 33. Qxa6 fxg3 34. Bg2 gxh2+ 35. Kh1 Nf6 36. Qb5 Ng4 37. Bd5+ Kg7 38. Kg2 Ne3+ 39. Kh1 Qg3 40. Nf3 Qg2# 0-1

[Event "Zuglo Hotel op"]
[Site "Budapest"]
[Date "1999.02.27"]
[Round "9"]
[White "Fliszar, Dezso"]
[Black "Engelbrecht, Alfred"]
[Result "1-0"]
[WhiteElo "2013"]
[BlackElo "2270"]
[PlyCount "129"]
[EventDate "1999.02.??"]
[EventType "swiss"]
[EventRounds "9"]
[EventCountry "HUN"]
[SourceTitle "EXT 2000"]
[Source "ChessBase"]
[SourceDate "1999.11.16"]
[SourceVersion "1"]
[SourceVersionDate "1999.11.16"]
[SourceQuality "1"]

1. g3 g6 2. Bg2 Bg7 3. d3 Nf6 4. c3 d6 5. Nd2 c6 6. Nh3 0-0 7. 0-0 b6 8. f3 Bb7 9. Nf2 Nbd7 10. Qc2 Nd5 11. Nb3 c5 12. e4 N5f6 13. c4 Rb8 14. Bd2 e5 15. a4 a5 16. Be3 h6 17. Nd2 Kh7 18. f4 Ng8 19. Nf3 Ndf6 20. g4 Qe7 21. Qd2 Bc8 22. f5 Bd7 23. h4 Bc8 24. Bh3 Rb7 25. Kg2 Qe8 26. Rh1 Rc7 27. b3 Qe7 28. Rag1 Qd8 29. Kf1 Qe8 30. Rg2 Ra7 31. Rhg1 Qd8 32. g5 Nh5 33. f6 Bh8 34. Bxc8 Qxc8 35. Ke1 Qe6 36. Ng4 Qe8 37. Nfh2 Qd8 38. Qf2 Rb7 39. Nf1 Rc7 40. Ng3 Nxg3 41. Rxg3 h5 42. Nh2 Re8 43. Rf1 Re6 44. Rf3 Rb7 45. Qe2 Ra7 46. R1f2 Rb7 47. Nf1 Rc7 48. Ng3 Rb7 49. Rf1 Nxf6 50. gxf6 Bxf6 51. Bg5 Bxg5 52. hxg5 Qxg5 53. Rxf7+ Rxf7 54. Rxf7+ Kg8 55. Qf3 Qc1+ 56. Kf2 Re8 57. Qf6 Qf4+ 58. Qxf4 exf4 59. Rxf4 Kg7 60. Kg2 g5 61. Nf5+ Kg6 62. Rf1 Re6 63. Kf3 Rf6 64. Ke3 Kf7 65. Nxd6+ 1-0

[Event "Zuglo Hotel op"]
[Site "Budapest"]
[Date "1999.02.24"]
[Round "6"]
[White "Hocevar, Nikola"]
[Black "Fliszar, Dezso"]
[Result "1/2-1/2"]
[WhiteElo "2204"]
[BlackElo "2013"]
[PlyCount "121"]
[EventDate "1999.02.??"]
[EventType "swiss"]
[EventRounds "9"]
[EventCountry "HUN"]
[SourceTitle "EXT 2000"]
[Source "ChessBase"]
[SourceDate "1999.11.16"]
[SourceVersion "1"]
[SourceVersionDate "1999.11.16"]
[SourceQuality "1"]

1. c4 g6 2. Nc3 Bg7 3. d4 d6 4. e4 c6 5. Be3 Nd7 6. Nge2 Nh6 7. f3 f6 8. h4 e5 9. Qd2 Nf7 10. 0-0-0 0-0 11. h5 g5 12. Kb1 Re8 13. g3 h6 14. Nc1 Qe7 15. Be2 b6 16. f4 exd4 17. Bxd4 Nc5 18. Bf3 Bb7 19. Rhe1 Rad8 20. Bg4 Bc8 21. Bxc8 Rxc8 22. Bxc5 dxc5 23. Qd7 Rc7 24. Qxe7 Rcxe7 25. Kc2 Nd8 26. f5 Nf7 27. b3 Bf8 28. Re2 Ne5 29. Rf1 Rd7 30. Rd2 Red8 31. Rxd7 Rxd7 32. Rd1 Rxd1 33. Nxd1 Bd6 34. Ne2 Kf7 35. Kd2 Ke7 36. Ke3 Kd7 37. Nf2 Nf7 38. Nd3 Kc7 39. g4 Be5 40. Kf3 Kd6 41. Ke3 Kc7 42. Ne1 Kb7 43. Nf3 Ka6 44. Kd3 Ka5 45. Kc2 Kb4 46. Nc1 Bd6 47. Nd3+ Ka5 48. a3 Ka6 49. Kd2 Kb7 50. Ke3 Kc7 51. Kd2 Bg3 52. Ke3 Kd6 53. Kd2 b5 54. Kc2 a5 55. Kc3 Be5+ 56. Kc2 Bd4 57. Nxd4 cxd4 58. c5+ Ke7 59. b4 axb4 60. axb4 Ne5 61. Nxe5 1/2-1/2

[Event "Zuglo Hotel op"]
[Site "Budapest"]
[Date "1999.02.21"]
[Round "3"]
[White "Juracsik, Jozsef"]
[Black "Fliszar, Dezso"]
[Result "1-0"]
[WhiteElo "2210"]
[BlackElo "2013"]
[PlyCount "69"]
[EventDate "1999.02.??"]
[EventType "swiss"]
[EventRounds "9"]
[EventCountry "HUN"]
[SourceTitle "EXT 2000"]
[Source "ChessBase"]
[SourceDate "1999.11.16"]
[SourceVersion "1"]
[SourceVersionDate "1999.11.16"]
[SourceQuality "1"]

1. e4 d6 2. d4 g6 3. Nc3 Bg7 4. Be3 c6 5. Qd2 Qc7 6. f3 Nd7 7. h4 h5 8. Nh3 f6 9. Nf4 Nf8 10. d5 Bd7 11. 0-0-0 Nh6 12. Qf2 Kf7 13. dxc6 bxc6 14. Bc4+ e6 15. Qd2 d5 16. exd5 cxd5 17. Bxd5 Rb8 18. Bb3 Nf5 19. Bf2 Bh6 20. g3 Rxb3 21. axb3 e5 22. Kb1 exf4 23. Nd5 Qc6 24. gxf4 Be6 25. Bxa7 Nd7 26. Bf2 Ra8 27. Rhe1 Qa6 28. c4 Qa2+ 29. Kc2 Rb8 30. Nb4 Nd4+ 31. Bxd4 Bf5+ 32. Re4 Qa5 33. Nd5 Qxd2+ 34. Rxd2 Ne5 35. fxe5 1-0

[Event "Zuglo Hotel op"]
[Site "Budapest"]
[Date "1999.02.20"]
[Round "2"]
[White "Fliszar, Dezso"]
[Black "Livshits, Gaby"]
[Result "1-0"]
[WhiteElo "2013"]
[BlackElo "2108"]
[PlyCount "75"]
[EventDate "1999.02.??"]
[EventType "swiss"]
[EventRounds "9"]
[EventCountry "HUN"]
[SourceTitle "EXT 2000"]
[Source "ChessBase"]
[SourceDate "1999.11.16"]
[SourceVersion "1"]
[SourceVersionDate "1999.11.16"]
[SourceQuality "1"]

1. g3 g6 2. Bg2 Bg7 3. c3 Nf6 4. d3 d6 5. Nh3 0-0 6. 0-0 e5 7. e4 Nc6 8. Nd2 a5 9. f4 d5 10. Nf2 Be6 11. Qe2 Re8 12. fxe5 Nxe5 13. d4 Neg4 14. e5 Nxf2 15. Qxf2 Ng4 16. Qf3 h5 17. h3 Nh6 18. Nb3 b6 19. Bf4 c6 20. Nd2 Nf5 21. Qf2 g5 22. Be3 f6 23. exf6 Bxf6 24. Rae1 Kg7 25. Nf3 g4 26. Ne5 Bxe5 27. dxe5 gxh3 28. Bf3 Nxe3 29. Qxe3 Rf8 30. Bxh5 Rh8 31. Rf6 Rxh5 32. Rxe6 h2+ 33. Kh1 Qd7 34. Rf6 Re8 35. Qf4 d4 36. Re4 dxc3 37. Rd6 Qh3 38. Qf6+ 1-0

[Event "Budapest FS06 Elo"]
[Site "Budapest"]
[Date "1999.??.??"]
[Round "1"]
[White "Brauer, Christian E"]
[Black "Fliszar, Dezso"]
[Result "0-1"]
[WhiteElo "2120"]
[BlackElo "2013"]
[PlyCount "86"]
[EventDate "1999.06.??"]
[EventType "tourn"]
[EventRounds "9"]
[EventCountry "HUN"]
[SourceTitle "EXT 2002"]
[Source "ChessBase"]
[SourceDate "2001.11.25"]
[SourceVersion "1"]
[SourceVersionDate "2001.11.25"]
[SourceQuality "1"]

1. d4 g6 2. e4 d6 3. Nc3 Bg7 4. Be3 c6 5. Qd2 Nd7 6. Nf3 Qc7 7. Bd3 h6 8. 0-0 Ngf6 9. h3 e5 10. Rfe1 g5 11. a4 g4 12. Nh4 Nf8 13. dxe5 dxe5 14. a5 Be6 15. Nf5 Bxf5 16. exf5 gxh3 17. f4 Nd5 18. Nxd5 cxd5 19. Bb5+ Nd7 20. fxe5 0-0-0 21. Bxa7 Bxe5 22. Qxd5 Bh2+ 23. Kh1 Nf6 24. Qf3 Rd2 25. Qxh3 Bg3 26. Re3 Be5 27. Bd3 Rg8 28. Bb6 Qd6 29. Rae1 Bg3 30. Rf1 h5 31. Be2 h4 32. Rd3 Rxd3 33. cxd3 Re8 34. Rc1+ Kd7 35. Bf3 Rc8 36. Rxc8 Kxc8 37. Be4 Qf4 38. Bf3 Qc1+ 39. Bg1 Qxb2 40. Bh2 Qb1+ 41. Bg1 Qxd3 42. Bh2 Qb1+ 43. Bg1 Qe1 0-1

[Event "Budapest FS07 Elo"]
[Site "Budapest"]
[Date "1999.??.??"]
[Round "7"]
[White "Fliszar, Dezso"]
[Black "Balogh, Viktor"]
[Result "0-1"]
[WhiteElo "2013"]
[BlackElo "2155"]
[PlyCount "86"]
[EventDate "1999.07.??"]
[EventType "tourn"]
[EventRounds "9"]
[EventCountry "HUN"]
[SourceTitle "EXT 2000"]
[Source "ChessBase"]
[SourceDate "1999.11.16"]
[SourceVersion "1"]
[SourceVersionDate "1999.11.16"]
[SourceQuality "1"]

1. Nf3 Nf6 2. g3 d5 3. Bg2 Bg4 4. c4 c6 5. cxd5 cxd5 6. Qb3 Qc8 7. Nc3 e6 8. d3 Nc6 9. Bf4 Bxf3 10. Bxf3 Qd7 11. Bg2 Be7 12. 0-0 0-0 13. e4 d4 14. Ne2 e5 15. Bd2 a5 16. a3 a4 17. Qb5 Bd8 18. b4 axb3 19. Qxb3 Ba5 20. Bxa5 Rxa5 21. Rfb1 b5 22. h3 Rfa8 23. f4 Qd6 24. fxe5 Qxe5 25. Nf4 Nd7 26. Qd5 Qxd5 27. exd5 Nce5 28. Be4 g6 29. g4 Nc5 30. Kf1 Nxe4 31. dxe4 Nc4 32. Ke1 Nxa3 33. Rxa3 Rxa3 34. Rxb5 Re3+ 35. Kd1 Ra1+ 36. Kc2 Rxe4 37. Rb8+ Kg7 38. d6 Ra7 39. Nd5 Rd7 40. g5 Rxd6 41. Nf6 Rxf6 42. gxf6+ Kxf6 43. Kd3 Rf4 0-1

[Event "Budapest FS07 Elo"]
[Site "Budapest"]
[Date "1999.??.??"]
[Round "1"]
[White "Fliszar, Dezso"]
[Black "Merenyi, Gabor"]
[Result "1-0"]
[WhiteElo "2010"]
[BlackElo "2105"]
[PlyCount "81"]
[EventDate "1999.07.??"]
[EventType "tourn"]
[EventRounds "9"]
[EventCountry "HUN"]
[SourceTitle "EXT 2000"]
[Source "ChessBase"]
[SourceDate "1999.11.16"]
[SourceVersion "1"]
[SourceVersionDate "1999.11.16"]
[SourceQuality "1"]

1. Nf3 c5 2. g3 Nc6 3. Bg2 d5 4. d4 e6 5. 0-0 Nf6 6. c4 b6 7. Nc3 cxd4 8. Nxd4 Nxd4 9. Qxd4 Bc5 10. Qh4 Rb8 11. cxd5 0-0 12. dxe6 fxe6 13. Rd1 Qe7 14. Bf4 e5 15. Nd5 Qe8 16. Be3 Qb5 17. Bxc5 bxc5 18. Nxf6+ gxf6 19. Bd5+ Kg7 20. Rd2 Qe8 21. Rad1 Rb4 22. e4 Rd4 23. f4 Qa4 24. Qh5 exf4 25. gxf4 Kh8 26. Rxd4 cxd4 27. Qf3 Ba6 28. Qb3 Qa5 29. Qa3 Qxa3 30. bxa3 d3 31. Kf2 Rc8 32. Rd2 Rc5 33. Bb3 Rh5 34. Ke3 f5 35. exf5 Rxf5 36. Ke4 Rf8 37. f5 Kg7 38. Ke5 Re8+ 39. Be6 Rd8 40. f6+ Kh6 41. f7 1-0

[Event "Balaton op"]
[Site "Hungary"]
[Date "1999.??.??"]
[Round "9"]
[White "Szlabey, Geza"]
[Black "Fliszar, Dezso"]
[Result "1/2-1/2"]
[WhiteElo "2115"]
[BlackElo "2010"]
[PlyCount "115"]
[EventDate "1999.??.??"]
[EventType "swiss"]
[EventRounds "9"]
[EventCountry "HUN"]
[SourceTitle "EXT 2000"]
[Source "ChessBase"]
[SourceDate "1999.11.16"]
[SourceVersion "1"]
[SourceVersionDate "1999.11.16"]
[SourceQuality "1"]

1. f4 c5 2. Nf3 d6 3. e4 Nc6 4. c3 e5 5. f5 g6 6. g4 Nf6 7. g5 Nxe4 8. d3 Nxg5 9. Bxg5 f6 10. Be3 Bxf5 11. Nh4 Be6 12. Nd2 f5 13. Nhf3 Bd5 14. Bg2 Be7 15. 0-0 f4 16. Bf2 g5 17. Nxg5 Bxg2 18. Qh5+ Kd7 19. Qg4+ Ke8 20. Ne6 Qc8 21. Kxg2 Kf7 22. Qf5+ Bf6 23. Ng5+ Ke7 24. Qxc8 Raxc8 25. Ngf3 b6 26. Rae1 Ke6 27. d4 cxd4 28. Nxd4+ Nxd4 29. Bxd4 Kf5 30. Bf2 d5 31. Nf3 h5 32. Rd1 Rcd8 33. Nh4+ Bxh4 34. Bxh4 Rhg8+ 35. Kh3 Rd7 36. Rg1 Rg4 37. Rg2 e4 38. Rgd2 Ke5 39. Rd4 e3 40. c4 e2 41. Rxd5+ Rxd5 42. Rxd5+ Ke4 43. Bf2 Kf3 44. Be1 Rg1 45. Bc3 e1Q 46. Bxe1 Rxe1 47. Rxh5 Rg1 48. c5 bxc5 49. Rxc5 Re1 50. Rc3+ Re3 51. Rc2 Re2 52. Rc3+ Re3 53. Rc2 Rd3 54. Kh4 Ke3 55. Kg4 Rd8 56. Rc3+ Ke4 57. Rc4+ Ke3 58. Rc3+ 1/2-1/2

[Event "Tapolca op"]
[Site "Budapest"]
[Date "1997.??.??"]
[Round "8"]
[White "Bognar, Csaba"]
[Black "Fliszar, Dezso"]
[Result "0-1"]
[WhiteElo "2135"]
[BlackElo "2070"]
[PlyCount "80"]
[EventDate "1997.??.??"]
[EventType "swiss"]
[EventRounds "9"]
[EventCountry "HUN"]
[SourceTitle "EXT 2002"]
[Source "ChessBase"]
[SourceDate "2001.11.25"]
[SourceVersion "1"]
[SourceVersionDate "2001.11.25"]
[SourceQuality "1"]

1. d4 g6 2. c4 Bg7 3. Nc3 d6 4. e4 Nf6 5. f3 0-0 6. Be3 Nbd7 7. Qd2 e5 8. Nge2 c6 9. Rd1 Qc7 10. Nc1 b6 11. Be2 Bb7 12. d5 c5 13. Nb5 Qb8 14. Bh6 a6 15. Nc3 Qc7 16. h4 Nh5 17. g4 Ng3 18. Rh3 Nxe2 19. N1xe2 f6 20. Ng3 Rf7 21. Kf2 Re8 22. Rg1 Bc8 23. Bxg7 Rxg7 24. h5 Nf8 25. hxg6 hxg6 26. Rgh1 Rh7 27. Rxh7 Nxh7 28. Qh6 Qg7 29. Qh2 Bd7 30. Nce2 b5 31. cxb5 axb5 32. Qh3 Ng5 33. Qh2 Nh7 34. Qh4 b4 35. f4 exf4 36. Nxf4 Re5 37. Nf5 Bxf5 38. exf5 g5 39. Qg3 gxf4 40. Qxf4 Ng5 0-1